000 00345 a2200157 4500
001 170971
020 _a
040 _cMagnum
100 _aCarmo, Sonia Irene Silva do
240 1 0 _aAcucar: passado e presente
_lpor
245 1 0 _aAcucar: passado e presente
362 0 _a1899
440 1 _aÁtica
697 _aPARADIDATICOS
942 _cBK
999 _c170971
_d170971